00973nam a2200241 a 450000100060000000300090000600800410001502000180005604000280007408200170010210000360011924501630015526000320031830000100035065000510036065000380041165000530044970000360050270000250053894200120056399900170057595201390059224105CO-ViMGA141112s2004 ck r 000 u spa d a9788479789039 aCO-ViMGAbspacCO-ViMGA04a628.32 O767t1 aOsorio Robles, Francisco93511910aTratamiento de aguas para la eliminacion de microorganismos y agentes contaminantes / cFrancisco Osorio Robles, Juan Carlos Torres Rojo, Mercedes Sanchez Bas aEspaña : bDiaz De Santos a204p.14a2 : PURIFICACIÓN DE AGUAS RESIDUALES 93512014a3 : REUTILIZACION DEL AGUA93512114aTRATAMIENTO TERRETRE DE AGUAS RESIDUALES 9351221 aTorres Rojo, Juan Carlos9351231 Sanchez Bas, Mercedes 2ddccBK c32158d32158 00102ddc40708002aMEVIECARbMEVIECARd2015-12-04h05/dic/2011l0o628.32 O767t p24086r2019-10-11 00:00:00tEj. 1w2015-12-04yBK